| 000 | 00679nam a22002417a 4500 | ||
|---|---|---|---|
| 003 | PE SENCICO BE | ||
| 005 | 20251020182641.0 | ||
| 008 | 230821b |||||||| |||| 00| 0 eng d | ||
| 020 | _a978-607-17-2032-0 | ||
| 040 |
_aPE SENCICO BE _cPE SENCICO BE |
||
| 041 | _aspa | ||
| 082 |
_a701.8 _bM28 |
||
| 100 | 1 |
_91404 _aMateu Poch, Luis _eautor |
|
| 245 | 1 |
_aArquitectura y armonía / _cLuis Mateu Poch |
|
| 250 | _a2a ed. | ||
| 260 |
_aMéxico : _bTrillas, _c2014 |
||
| 300 |
_a76 páginas : _bil., diagrs. ; _c21 cm. |
||
| 650 | 1 | 0 |
_949 _aArquitectura |
| 650 | 2 | 0 |
_91405 _aSimetría (Arte) |
| 650 | 2 | 0 |
_91406 _aProporción (Arte) |
| 910 |
_bhfp _chfp |
||
| 942 |
_2ddc _cLIB |
||
| 999 |
_c4285 _d4285 |
||